| 000 | 01072 a2200325 4500 | ||
|---|---|---|---|
| 020 | _a0395369118 | ||
| 020 | _a9780395369111 | ||
| 082 | 0 | 4 | _a519.5 |
| 090 |
_c439 _d439 |
||
| 100 | 1 | _aHinkle, Dennis E. | |
| 245 | 1 | 0 |
_aApplied statistics for the behavioral sciences / _cDennis E. Hinkle. |
| 250 | _a2 Sub ed. | ||
| 260 |
_a[S.l.] : _bHoughton Mifflin School, _c1988. |
||
| 300 |
_a682 p. ; _c24 cm. |
||
| 500 | _aHardcover. | ||
| 520 | _aAncillary package available upon adoption. | ||
| 650 | 4 | _aScience/Mathematics. | |
| 650 | 4 | _aStatistical Methods In The Social Sciences. | |
| 650 | 4 | _aSocial research & statistics. | |
| 650 | 4 | _aMathematics. | |
| 650 | 4 | _aGeneral. | |
| 650 | 4 | _aSocial sciences. | |
| 650 | 4 | _aStatistical methods. | |
| 650 | 4 | _aStatistics. | |
| 700 | 1 | _aWiersma, William. | |
| 700 | 1 | _aJurs, Stephen G. | |
| 856 | 4 | 0 |
_3Amazon.com _uhttp://www.amazon.com/exec/obidos/ASIN/0395369118/chopaconline-20 |
| 856 | 4 | 0 |
_3Amazon customer reviews _uhttp://www.chopac.org/cgi-bin/tools/azrev.pl?q=0395369118 |
| 942 |
_aNBS _cBK _k519.5 HIN |
||
| 999 |
_c342999 _d342999 |
||